000 00396nam a22001577a 4500
003 MPLRDC
005 20220104124910.0
008 210129b ||||| |||| 00| 0 eng d
082 _a857.9 LYS-15 v.2 c.2
100 _a梁羽生著
245 _a白发魔女传. 中
_c
260 _a
_b天地图书有限公司
_c
300 _b
650 _a武侠小说
942 _cBK
_o857.9 LYS-15 v.2 c.2
999 _c23040
_d23030